The Land Office business; the settlement and administration of American public lands, 1789-1837

Saved in:
Bibliographic Details
Main Author: Rohrbough, Malcolm J.
Format: Book
Language:English
Published: New York, Oxford University Press, 1968.
Subjects:
LEADER 01005nam a2200253 4500
001 c000372421
003 CARM
005 00000000000000.0
008 681114s1968 nyub b 00110 eng
019 1 |a 3673  |5 LACONCORD2021 
035 |a (OCoLC)176589  |5 LACONCORD2021 
043 |a n-us--- 
050 0 0 |a HD216  |b .R68 
082 0 0 |a 353.008/23 
100 1 |a Rohrbough, Malcolm J. 
245 1 4 |a The Land Office business;  |b the settlement and administration of American public lands, 1789-1837  |c [by] Malcolm J. Rohrbough. 
260 |a New York,  |b Oxford University Press,  |c 1968. 
300 |a xiii, 331 p.  |b maps.  |c 24 cm. 
504 |a Bibliography: p. 305-320. 
610 1 0 |a United States.  |b General Land Office  |x History. 
650 0 |a Public lands  |z United States  |x History. 
852 8 |b CARM  |h A1:AM37C0  |i C10285  |p 0441384  |f BK 
999 f f |i 47f565be-ee54-5c3b-9354-909f1934bc60  |s ef1a02a4-d5f1-51f2-81fd-d19a58be747a 
952 f f |p Can circulate  |a CAVAL  |b CAVAL  |c CAVAL  |d CARM 1 Store  |e C10285  |f A1:AM37C0  |h Other scheme  |i book  |m 0441384